Slovenská sporiteľňa získala desatinu akcií VSŽ korektne

Bibliographic Details
Corporate Authors: Slovenská sporiteľňa (Author), Východoslovenské železiarne (Košice, Slovensko) (Author)
Format: Article
Language:Slovak
Subjects:

MARC

LEADER 00000nab a2200000 a 4500
001 vtls000921425
003 SK-MaSNL
005 20260305014133.0
008 040720e19990000xo 0 slo
035 |a KE30302 
040 |a KEVKJB  |b slo  |c KEVKJB  |e AACR2 
041 0 |a slo 
044 |a xo  |c SK 
080 |a 669.1  |2 1981 
080 |a 336.7  |2 1981 
245 0 0 |a Slovenská sporiteľňa získala desatinu akcií VSŽ korektne 
610 2 7 |a Slovenská sporiteľňa  |2 KEVKJB  |9 31268 
610 2 7 |a Východoslovenské železiarne (Košice, Slovensko)  |2 KEVKJB 
610 2 7 |a Východoslovenské železiarne Holding (Košice, Slovensko)  |2 snkbucl  |9 29927 
650 0 7 |a akcie  |2 KEVKJB  |9 28904 
651 7 |a KE,  |2 KEVKJB  |9 877256 
655 7 |a periodikum  |2 snkbucl  |9 29553 
710 2 |a Slovenská sporiteľňa  |4 aut  |9 31268 
710 2 |a Východoslovenské železiarne (Košice, Slovensko)  |4 aut 
773 0 8 |t Trend  |g Roč. 9  |g Roč. 28, č.3 (1999), s. 1 
773 0 8 |i Príl.:  |t Fakt. - Č. 3 (1999) 
852 |a ZVYKNI  |b KIS3GCP 
999 |c 3267939  |d 3269869